Testimonios históricos guadalupanos /

Antología que reúne las más importantes fuentes de la historiografía sobre la Virgen de Guadalupe, desde un poema en náhuatl cantando en el mismo año de la aparición hasta estudios históricos publicados en 1908. En el recorrido, discurren y conviven los testimonios de Bernal Díaz del Castillo y Migu...

Descripción completa

Guardado en:
Detalles Bibliográficos
Autor principal: Torre Villar, Ernesto de la (compilación)
Otros autores: Navarro de Anda, Ramiro (compilación) (compilación)
Formato: Libro
Idioma:Español
Publicado: México : Fondo de Cultura Económica, 1982, c1982
Colección:(Sección de Obras de Historia)
Temas:
Etiquetas: Agrega una etiqueta
Sin etiquetas, Sé el primero en etiquetar este registro!

MARC

LEADER 00000nam^a2200000^a^4500
001 000402804
005 20250521000000.0
009 20260310121721.27
020 |a 968-16-1233-1 
037 |a Acervo ITESO - Biblioteca 
041 |a ESP 
082 |a 232. 917  |b TOR 
100 |a Torre Villar, Ernesto de la  |e (compilación) 
245 1 0 |a Testimonios históricos guadalupanos /  |c Comp., pról. y notas de E. de la Torre Villar, R. Navarro de Anda. 
264 4 |a México :  |b Fondo de Cultura Económica,  |c 1982, c1982 
300 |a 1468 p. 
336 |a texto  |b txt  |2 rdacontenido 
337 |a sin mediación  |b n  |2 rdamedio 
338 |a volumen  |b nc  |2 rdasoporte 
440 1 |a (Sección de Obras de Historia) 
520 |a Antología que reúne las más importantes fuentes de la historiografía sobre la Virgen de Guadalupe, desde un poema en náhuatl cantando en el mismo año de la aparición hasta estudios históricos publicados en 1908. En el recorrido, discurren y conviven los testimonios de Bernal Díaz del Castillo y Miguel Sánchez, las explicaciones que ofrecen Carlos de Sigüenza y Góngora y Francisco Javier Clavijero o el célebre sermón de fray Servando Teresa de Mier. 
561 |a Ex libris de Ignacio Díaz Morales 
649 |a XX 
650 |a Virgen de Guadalupe -  |x Apariciones y Milagros -  |x Historia 
650 |a Virgen de Guadalupe -  |z México -  |x Culto -  |x Historia 
650 |a Virgen de Guadalupe -  |x Culto -  |x Historia -  |x Tema Principal 
650 |a Culto Religioso -  |z México -  |x Historia 
650 |a Iglesia Católica en México -  |x Historia 
650 |a Catolicismo -  |z México -  |x Historia 
650 |a Cristianismo -  |z México -  |x Historia 
650 |a Religión -  |z México -  |x Historia 
650 |a México -  |x Historia -  |y Gobernadores y Audiencia, 1521-1535 
650 |a México -  |x Historia -  |y Siglo XVI 
650 |a México -  |x Historia -  |y Epoca Colonial, 1517-1821 
700 |a Navarro de Anda, Ramiro  |e (compilación) 
910 |a Fondo Ignacio Díaz Morales 
920 |a Impresos - Libros 
930 |a Arquitectos Jaliscienses 
905 |a 114 
901 |a 0500298150  |b IT1  |c JAL  |i d66217  |u 20250521 
902 |a https://opac.biblio.iteso.mx/vufind/Record/000402804